000 00400nam a22001337a 4500
003 SGT
020 _a9789383838387
082 _a891.4309
_bR14S
100 _aशाफियावादी, जौहर
245 _aरंगमहल : ग़ज़ल महाकाव्य दीवान
260 _bशिवालिक प्रकाशन
_c2014
300 _a156
942 _2ddc
_cBK
999 _c31242
_d31242